000 00870nam a22002657a 4500
005 20230512223647.0
008 200616t xxu||||| |||| 00| 0 eng d
020 _a9789352690633
040 _cCSPC
082 0 _a647.94068
_bC457h
100 _aChoudhary, Yaduraj
_eauthor.
245 0 0 _aHotel and hospitality management
_bhousekeeping/
_cYaduraj Choudhary
260 _aNew Delhi:
_bRandom Publications,
_c2018.
300 _aviii, 272 pages :
_bimages, tables;
_c26 cm.
336 _2rdacontent
_atext
337 _2rdamedia
_aunmediated
338 _2rdacarrier
_avolume
500 _aIncludes index,
504 _aIncludes bibliography pages (269-270).
650 1 0 _aHotel housekeeping
_xManagement.
940 _aLenie
942 _cBOOK
_jCIR 647.94068 C457h 2018
999 _c10788
_d10788